000
00296nam a22001337a 4500
008
181012b xxu||||| |||| 00| 0 eng d
020
_a
0397520611
041
_a
eng
080
_2
3rd
_a
616.9
100
_a
8
101
_a
INF
245
_a
Manual of Skin Diseases
_c
Sauer,G.C
942
_2
udc
_c
BK
999
_c
49500
_d
49500